[Event "Barcelona Lleida op"]
[Site "Barcelona"]
[Date "2019.05.04"]
[Round "3.8"]
[White "Mir Carnice, Jordi"]
[Black "Cano Rodriguez, Daniel"]
[Result "1-0"]
[WhiteElo "1720"]
[BlackElo "1648"]
[PlyCount "85"]
[EventDate "2019.04.06"]
[EventType "swiss"]
[EventRounds "9"]
[EventCountry "ESP"]
[SourceTitle "EXT 2024"]
[Source "ChessBase"]
[SourceDate "2023.10.10"]
[SourceVersion "1"]
[SourceVersionDate "2023.10.10"]
[SourceQuality "1"]

1. e4 c5 2. b3 Nc6 3. Nf3 e6 4. Bb2 Nf6 5. e5 Nd5 6. Nc3 Nxc3 7. Bxc3 a6 8. a4 Be7 9. g3 b6 10. Bg2 Bb7 11. 0-0 0-0 12. d4 d5 13. Re1 Qc7 14. Qe2 a5 15. Rad1 Ba6 16. Qe3 cxd4 17. Nxd4 Nb4 18. Bf1 Bc5 19. Bxa6 Nxc2 20. Qe2 Nxe1 21. Rxe1 Qa7 22. Bd3 Rac8 23. Nb5 Qd7 24. Bd2 f6 25. Be3 fxe5 26. Bxc5 bxc5 27. Qxe5 c4 28. bxc4 dxc4 29. Bc2 Rc6 30. Qe4 g6 31. Nd4 Rb6 32. Nxe6 Re8 33. Qxc4 Rbxe6 34. Rxe6 Qxe6 35. Qxe6+ Rxe6 36. Bb3 Kf7 37. Kf1 Kf6 38. Bxe6 Kxe6 39. Ke2 Kd5 40. Kd3 Kc5 41. Kc3 Kd5 42. f4 h5 43. h3 1-0

[Event "Vallfogona rapid op 25th"]
[Site "Vallfogona de Balaguer"]
[Date "2017.09.17"]
[Round "2"]
[White "Mir Carnice, Jordi"]
[Black "Vidarte Morales, Arturo"]
[Result "0-1"]
[WhiteElo "1536"]
[BlackElo "2336"]
[PlyCount "76"]
[EventDate "2017.09.17"]
[EventType "swiss (rapid)"]
[EventRounds "9"]
[EventCountry "ESP"]
[SourceTitle "CBM 180 Extra"]
[Source "ChessBase"]
[SourceDate "2017.10.06"]
[SourceVersion "1"]
[SourceVersionDate "2017.10.06"]
[SourceQuality "1"]

1. e4 c5 2. Nf3 e6 3. d4 cxd4 4. Nxd4 a6 5. Nc3 Qc7 6. Bd3 b5 7. a3 Bb7 8. 0-0 Nf6 9. Re1 d6 10. Bg5 Nbd7 11. h3 Be7 12. Qd2 0-0 13. Rad1 Rfd8 14. Nf3 Rac8 15. Qe3 Qc5 16. Qxc5 Nxc5 17. e5 Bxf3 18. exf6 gxf6 19. gxf3 fxg5 20. Ne4 Nxd3 21. cxd3 d5 22. Nc3 Bf6 23. d4 Rc4 24. Ne2 Rc2 25. b4 Rdc8 26. Rd3 Ra2 27. Rb3 Rd2 28. Re3 Bxd4 29. Nxd4 Rxd4 30. Re5 h6 31. R5e3 Rc2 32. Kf1 Rdd2 33. R3e2 Rxe2 34. Rxe2 Rxe2 35. Kxe2 e5 36. Ke3 Kg7 37. Kd3 Kg6 38. Ke3 Kh5 0-1

[Event "Lleida-ch U14"]
[Site "Balaguer"]
[Date "2014.02.01"]
[Round "2.3"]
[White "Mir Carnice, Jordi"]
[Black "Estruch Andreu, Guim"]
[Result "0-1"]
[WhiteElo "1732"]
[BlackElo "1773"]
[PlyCount "52"]
[EventDate "2014.01.25"]
[EventType "swiss"]
[EventRounds "6"]
[EventCountry "ESP"]
[SourceTitle "EXT 2024"]
[Source "ChessBase"]
[SourceDate "2023.10.10"]
[SourceVersion "1"]
[SourceVersionDate "2023.10.10"]
[SourceQuality "1"]

1. e4 c5 2. a3 e6 3. Nf3 Nc6 4. c3 Qc7 5. b4 b6 6. Bb2 Nf6 7. d3 Be7 8. Nbd2 0-0 9. g3 d5 10. Bg2 dxe4 11. dxe4 Rd8 12. Qc2 Bb7 13. 0-0 Rd7 14. Rfe1 Rad8 15. Rad1 Ne5 16. Nxe5 Qxe5 17. Nc4 Rxd1 18. Nxe5 Rxe1+ 19. Bf1 Rdd1 20. Nf3 Rxf1+ 21. Kg2 Bxe4 22. Qe2 Rg1+ 23. Kh3 Bf5+ 24. Kh4 Ne4+ 25. Kh5 g6+ 26. Kh6 Bf8# 0-1